00457nmm a2200157Ia 4500008004100000020001800041041000800059100001600067245003300083264008000116300001600196650001200212856005100224942000700275999001700282251105s9999||||xx |||||||||||||||||und|| a9788468735856 aspa aDarcy, Emma 0aSu conquista más exquisita a[Madrid, España] :bHarlequin, c[Fecha de publicación no identificada] a0 páginas aRomance uhttps://public.digitaliapublishing.com/a/92380 cCF c84046d84046